<?xml version="1.0" encoding="UTF-8"?>
<collection xmlns="http://www.loc.gov/MARC21/slim">
 <record>
  <leader>02069nam a2200241Ia 4500</leader>
  <controlfield tag="001">CTU_42575</controlfield>
  <controlfield tag="008">210402s9999    xx            000 0 und d</controlfield>
  <datafield tag="020" ind1=" " ind2=" ">
   <subfield code="c">100000</subfield>
  </datafield>
  <datafield tag="082" ind1=" " ind2=" ">
   <subfield code="a">895.922332</subfield>
  </datafield>
  <datafield tag="082" ind1=" " ind2=" ">
   <subfield code="b">B116/T.3</subfield>
  </datafield>
  <datafield tag="100" ind1=" " ind2=" ">
   <subfield code="a">Vũ, Bằng</subfield>
  </datafield>
  <datafield tag="245" ind1=" " ind2="0">
   <subfield code="a">Tuyển tập Vũ Bằng :</subfield>
  </datafield>
  <datafield tag="245" ind1=" " ind2="0">
   <subfield code="b">Mê chữ ( Tập truyện ) - Cái đèn lồng ( Tập truyện ) -- Gặp nhau lại xa nhau ( Tập truyện ) -- Bát cơm ( truyện kí ) -- Người làm mả vợ ( Truyện kí ) -- Truyện hai người -- Bóng ma nhà mẹ Hoạt ( Truyện dài ) -- Bảy đêm huyền thoại ( Tuyện kí )</subfield>
  </datafield>
  <datafield tag="245" ind1=" " ind2="0">
   <subfield code="c">Vũ Bằng ; Triệu Xuân (giới thiệu, sưu tầm và tuyển chọn)</subfield>
  </datafield>
  <datafield tag="260" ind1=" " ind2=" ">
   <subfield code="a">Hà Nội</subfield>
  </datafield>
  <datafield tag="260" ind1=" " ind2=" ">
   <subfield code="b">Văn học</subfield>
  </datafield>
  <datafield tag="260" ind1=" " ind2=" ">
   <subfield code="c">2000</subfield>
  </datafield>
  <datafield tag="520" ind1=" " ind2=" ">
   <subfield code="a">Gồm các truyện: Đám cưới hai u hồn ở Chùa Dâu [ truyện ma quái ]; Mơ về một cuộc chọi trâu; ăn tết thủy tiên; Một cuộc đấu kiểu ...giết người; Một chục bạc, một trận đòn, một kiếp người; Mê chữ -- Cái đèn lồng; Cái cóng thuốc của Hàn Lang; Đường mòn Tôn Điển Tùng Cươngv -- Gặp nhau lại xa nhau; Một người rơi xuống hố; Chàng Kim người Bắc, cô Kiều người Kinh; Cô Thổ quàng khăn đỏ; ơn và oán; Một người đàn ông đi tìm một người đàn bà -- Tự ngôn; Bữa cỗ; Giai đoạn mới; Tất cả để chiến thắng; Truyện trăm năm cũ; Đất khách; Bát cơm -- Người làm mả vợ; Đợi con; Cái thích kì lạ của một người đàn bà thời loạn.</subfield>
  </datafield>
  <datafield tag="650" ind1=" " ind2=" ">
   <subfield code="a">Short stories,Vietnamese fiction</subfield>
  </datafield>
  <datafield tag="650" ind1=" " ind2=" ">
   <subfield code="y">20th century,20th century</subfield>
  </datafield>
  <datafield tag="650" ind1=" " ind2=" ">
   <subfield code="z">Vietnamese</subfield>
  </datafield>
  <datafield tag="904" ind1=" " ind2=" ">
   <subfield code="i">Q. Hiếu (sửa)</subfield>
  </datafield>
  <datafield tag="980" ind1=" " ind2=" ">
   <subfield code="a">Trung tâm Học liệu Trường Đại học Cần Thơ</subfield>
  </datafield>
 </record>
</collection>
